| 000 | 00349nam a2200133 4500 | ||
|---|---|---|---|
| 020 | _a0043302254 | ||
| 082 |
_a330.072 _bSAC |
||
| 245 |
_aMain trends in economics _cedited by I. Sachs |
||
| 260 |
_aLondon _bGeorge Allen & Unwin _c1973 |
||
| 300 | _a79p.; 22cm.- | ||
| 490 | _aMain trends in the social sciences | ||
| 710 | _aSachs, I. | ||
| 942 | _2ddc | ||
| 999 |
_c22655 _d22655 |
||